Welcome to the Holygrace Academy Library

Please use search bar below to get started

LONDON NOTE BOOK (Record no. 8665)

MARC details
000 -LEADER
fixed length control field 00356nam a22001457a 4500
082 ## - DEWEY DECIMAL CLASSIFICATION NUMBER
Classification number 920
Item number POT/L
100 ## - MAIN ENTRY--AUTHOR NAME
Personal name POTTEKKAD, S K
245 ## - TITLE STATEMENT
Title LONDON NOTE BOOK
246 ## - VARYING FORM OF TITLE
Title proper/short title LONDON NOTE BOOK
Remainder of title LONDON NOTE BOOK
260 ## - PUBLICATION, DISTRIBUTION, ETC. (IMPRINT)
Place of publication KOTTAYAM, KERALA, INDIA
Name of publisher D C BOOKS
Year of publication 2023
300 ## - PHYSICAL DESCRIPTION
Number of Pages 83
520 ## - SUMMARY, ETC.
Summary, etc TRAVALOGUES
650 ## - SUBJECT ADDED ENTRY--TOPICAL TERM
Topical Term MALAYALAM TRAVALOGUES
942 ## - ADDED ENTRY ELEMENTS (KOHA)
Koha item type Books
Holdings
Withdrawn status Lost status Collection code Home library Current library Shelving location Date acquired Source of acquisition Cost, normal purchase price Full call number Accession Number Koha item type
    Fiction Main Library Main Library NEW SHELF WITH NEW ENTRY 07/03/2024 PURCHASED 110.00 920 POT/L 13581 Books